000 00378 a2200169 4500
001 188479
020 _a85-08-08801-9
040 _cMagnum
100 _aCarrascoza, João Anzanello
240 1 0 _aAprendiz de inventor
_lpor
245 1 0 _aAprendiz de inventor
300 _a103
362 0 _a2006
440 1 _aÁtica
697 _aLITERATURA INFANTO-JUVENIL
942 _cBK
999 _c188479
_d188479